Normal view
MARC view
- Crichton, Michael,
Entry Personal Name
001 - CONTROL NUMBER
- control field: 12099
003 - CONTROL NUMBER IDENTIFIER
- control field: NUST
005 - DATE AND TIME OF LATEST TRANSACTION
- control field: 20180730092008.0
008 - FIXED-LENGTH DATA ELEMENTS
- fixed length control field: 180730|| aca||aabn | a|a d
040 ## - CATALOGING SOURCE
- Original cataloging agency: NUST
- Transcribing agency: NUST
100 ## - HEADING--PERSONAL NAME
- Personal name: Crichton, Michael,
- Dates associated with a name: 1942-2008.
670 ## - SOURCE DATA FOUND
- Source citation: Work cat.: (NUST)174465: Crichton, Michael, 1942-2008., Pirate latitudes :, 2009.
